00363nam a22001217a 4500008004100000040005500041080001600096245002600112260005500138300000900193650002100202653001800223230622b |||||||| |||| 00| 0 eng d aNational Science LibrarycNational Science Library a628.1b[P0] aRain water harvesting aRoorkee: bNational Institute of Hydrology, c1993 a26p. aWater harvesting aWater storage